Philosophical foundations of the cognitive science of religion a head start

Guardat en:
Dades bibliogràfiques
Autor principal: McMCAULEY, Robert N.
Format: Llibre
Idioma:anglès
Publicat: Bloomsbury Academic 2017
Etiquetes: Afegir etiqueta
Sense etiquetes, Sigues el primer a etiquetar aquest registre!

MARC

LEADER 00000nam a22000007a 4500
008 210615b ||||| |||| 00| 0 eng d
020 |a 9781350105867 
100 |a McMCAULEY, Robert N. 
245 |a Philosophical foundations of the cognitive science of religion  |b a head start  |c Robert N.McCauley  |e scientific studies of religion: inquiry and explanation  |g vii, 179p 
260 |b Bloomsbury Academic  |c 2017  |h New York  |i 296291  |i 296292  |i 296293  |l BL53.M13  |m Religion  |m Cognitive psychology  |m Religion and culture 
500 |a it includes references and index 
942 I |a lcc  |c BK  |e O.A.JOHNSON  |f 15/06/21 
952 |0 0  |1 0  |2 lcc  |4 0  |7 0  |9 2592  |a ART  |b HOL  |c AF  |d 2021-06-15  |o BL53.M13  |p 2021-6441  |r 2021-06-15 00:00:00  |w 2021-06-15  |y BK 
952 |0 0  |1 0  |2 lcc  |4 0  |7 0  |9 2593  |a HOL  |b HOL  |c AF  |d 2021-06-15  |o BL53.M13  |p 2021-6442  |r 2021-06-15 00:00:00  |w 2021-06-15  |y BK 
952 |0 0  |1 0  |2 lcc  |4 0  |7 0  |9 2594  |a HOL  |b HOL  |c AF  |d 2021-06-15  |o BL53.M13  |p 2021-6443  |r 2021-06-15 00:00:00  |w 2021-06-15  |y BK 
999 |c 1358  |d 1358